000 00419nam a2200145Ia 4500
008 220217s9999||||xx |||||||||||||| ||und||
020 _a81-8404-083-0
082 _a005.43 BOV
100 _aBovet, Daniel, P. and Cesati, Marco
_95493
245 0 _aUnderstanding the linux kernel
250 _a3rd
260 _aShroff publishers and distributers
_bMumbai
_c2007
300 _b550
650 _aOperating systems
999 _c176482
_d176482